Berlin Bilder-Quiz - Statistiken

Allgemein
  • Dieses Quiz wurde 554 mal gespielt
    544 seit der letzten Aktualisierung
  • Das Durchschnittsergebnis liegt bei 21 aus 33
Antwortstatistiken
Bildquiz Antwort % Korrekt
Brandenburger Tor
100%
Bundestag (Reichstagsgebäude)
96%
Berliner Fernsehturm
94%
Siegessäule
91%
Berlin Hauptbahnhof (ehemals: Lehrter Bahnhof)
90%
Alexanderplatz
87%
Olympiastadion
84%
Rotes Rathaus
84%
Checkpoint Charlie
82%
Weltzeituhr (am Alexanderplatz)
82%
Mercedes-Benz Arena Berlin (ehemals: O2 World Berlin)
80%
Berliner Bär (Berliner Wappen)
75%
KaDeWe (Kaufhaus des Westens)
75%
(ehemaliger Flughafen) Tempelhof (Platz der Luftbrücke)
74%
Berliner Dom (Museumsinsel)
72%
Wannsee
66%
(ehemaliger) Flughafen Tegel
65%
Schloss Bellevue
64%
Hotel Adlon
58%
Flughafen Berlin Brandenburg (BER)
56%
Oberbaumbrücke
56%
Zoologischer Garten (Tiergarten)
56%
Potsdamer Platz (Leipziger Platz)
54%
Schloss Charlottenburg
52%
East Side Gallery (Berliner Mauer)
48%
Gedenkstätte Berliner Mauer (in der Bernauer Straße)
46%
Straße des 17. Juni
43%
Denkmal für die ermordeten Juden Europas
42%
Botanischer Garten
39%
Gendarmenmarkt (Konzerthaus Berlin, Französische Dom, Deutscher Dom)
38%
Gleisdreieck
38%
Großer Stern (mit Siegessäule)
33%
(IGA Berlin 2017) Gärten der Welt
7%
Keine übereinstimmenden Quizze gefunden
Verteilung der Resultate
Anzahl Personen mit jedem Resultat
Perzentil nach korrekt beantworteten Fragen
Ihre Resultats-Entwicklung
Sie haben dieses Quiz seit der letzten Aktualisierung nicht gespielt